Determinants of Cash Holding of Listed Manufacturing Companies in the Indonesian Stock Exchange (Record no. 340913)
[ view plain ]
| 000 -LEADER | |
|---|---|
| fixed length control field | 00735nam a2200181Ia 4500 |
| 008 - FIXED-LENGTH DATA ELEMENTS--GENERAL INFORMATION | |
| fixed length control field | 170725s9999 xx 000 0 und d |
| 100 ## - MAIN ENTRY--PERSONAL NAME | |
| Personal name | Muhammad Arfan |
| 245 ## - TITLE STATEMENT | |
| Title | Determinants of Cash Holding of Listed Manufacturing Companies in the Indonesian Stock Exchange |
| 245 ## - TITLE STATEMENT | |
| Statement of responsibility, etc | Muhammad Arfan | Hasan Basri | Risma Handayani | M. Shabri Abd. Majid | Heru Fahlevi | Azimah Dianah |
| 260 ## - PUBLICATION, DISTRIBUTION, ETC. (IMPRINT) | |
| Date of publication, distribution, etc | 2017 |
| 300 ## - PHYSICAL DESCRIPTION | |
| Extent | pages 42747, January |
| 440 ## - SERIES STATEMENT/ADDED ENTRY--TITLE | |
| Title | DLSU Business & Economics Review |
| Volume number/sequential designation | 26:2 |
| 500 ## - GENERAL NOTE | |
| General note | CJ0034 |
| 650 ## - SUBJECT ADDED ENTRY--TOPICAL TERM | |
| Topical term or geographic name as entry element | Cash holdingLeast Square, Capital expenditure |
| 650 ## - SUBJECT ADDED ENTRY--TOPICAL TERM | |
| Topical term or geographic name as entry element | Financial leverage, Profitability, Generalized Least Square, Capital expenditure |
| 650 ## - SUBJECT ADDED ENTRY--TOPICAL TERM | |
| Topical term or geographic name as entry element | Growth opportunity |
| 650 ## - SUBJECT ADDED ENTRY--TOPICAL TERM | |
| Topical term or geographic name as entry element | Networking capital |
| Withdrawn status | Lost status | Damaged status | Home library | Current library | Date acquired | Total Checkouts | Date last seen | Price effective from | Koha item type |
|---|---|---|---|---|---|---|---|---|---|
| College Library | College Library | 07/25/2017 | 07/25/2017 | 07/25/2017 | Periodicals |